000 00579nam a22001817a 4500
003 NUST
038 _aMr. Zahoor
082 _a670.5
100 _aShah, Farooq
_917444
245 _aFriction Stir Welding of Thermoplastics Using Specialized Tool /
_cFarooq Shah
260 _aIslamabad :
_bSMME - NUST,
_c2018.
300 _axiii, 96 p. : ill. ;
_c30cm.
500 _aHardcover.
650 _aDesign and Manufacturing Engineering - MS Thesis
_916133
700 _aDr. Mushtaq Khan
_916155
856 _uhttp://10.250.8.41:8080/xmlui/handle/123456789/12336
942 _2ddc
_cTHE
999 _c526441
_d526441